| 000 | 00881nam a22002537a 4500 | ||
|---|---|---|---|
| 003 | dpl | ||
| 005 | 20240619115052.0 | ||
| 008 | 240619b |||||||| |||| 00| 0 eng d | ||
| 010 | _aB-212117 ENG-140638 | ||
| 020 | _c450.00 | ||
| 035 | _aB-212117 | ||
| 035 | _aEN-124170 | ||
| 037 | _bCen Lib/Ret | ||
| 040 |
_aDPL _bEN _c0 |
||
| 082 |
_a343.052 _bTAX |
||
| 245 |
_aTaxtaion's income-tax act, 1961 : _ceidted by B.B Bhargava _bas amended by the finance act, 2007 & taxation laws (amendment) act, 2006 / / |
||
| 260 |
_aNew Delhi _bShri B.B. Bhargava _c2007 |
||
| 270 |
_bNew Delhi _a1/1B Mohammedpur, _e1100066 |
||
| 300 |
_avarious pagings _c24cm(Hb) |
||
| 650 |
_aIncome tax -- Law and legislation -- India _914650 |
||
| 650 |
_aWealth tax -- Law and legislation -- India _9118237 |
||
| 700 |
_aBhargava, B.B. _940483 |
||
| 942 |
_2ddc _cEN _h343.052 _mTAX |
||
| 999 |
_c136231 _d136231 |
||